[Event "15th Rubinstein Memorial"]
[Site "Polanica Zdroj POL"]
[Date "1977.08.06"]
[Round "1"]
[White "Filipowicz, Andrzej"]
[Black "Mascarinas, Rico"]
[Result "1/2-1/2"]
[WhiteElo "2355"]
[BlackElo "2345"]
[EventDate "1977.08.05"]
[PlyCount "43"]

1.e4 c5 2.Nf3 Nc6 3.d4 cxd4 4.Nxd4 Nf6 5.Nc3 d6 6.Be3 Ng4 7.Bb5 Nxe3 8.
fxe3 Bd7 9.Bxc6 bxc6 10.O-O e5 11.Qf3 f6 12.Nf5 g6 13.Ng3 Bg7 14.Rad1 Qc7 
15.Rd2 Be6 16.Rfd1 Rd8 17.Qe2 O-O 18.b3 h5 19.h3 Bh6 20.Rd3 Qe7 21.Kh1 Rd7
22.Na4 1/2-1/2

[Event "15th Rubinstein Memorial"]
[Site "Polanica Zdroj POL"]
[Date "1977.08.06"]
[Round "1"]
[White "Kirov, Nino"]
[Black "Lebredo Zarragoitia, Gerardo"]
[Result "1/2-1/2"]
[WhiteElo "2435"]
[BlackElo "2220"]
[EventDate "1977.08.05"]
[PlyCount "61"]

1.Nf3 Nf6 2.c4 d6 3.g3 e5 4.Bg2 g6 5.Nc3 Bg7 6.d4 Nbd7 7.O-O O-O 8.e4 Re8 
9.h3 exd4 10.Nxd4 Nc5 11.Re1 a5 12.Qc2 c6 13.Be3 a4 14.Rad1 Qc7 15.Bf4 
Nfd7 16.Nf3 Ne5 17.Nxe5 Bxe5 18.Be3 f5 19.Bd4 fxe4 20.Nxe4 Nxe4 21.Qxe4 
Bf5 22.Qe3 Qg7 23.Bxe5 Rxe5 24.Qd2 Rae8 25.g4 Bc8 26.b4 axb3 27.axb3 Rxe1+
28.Rxe1 Rxe1+ 29.Qxe1 Kf8 30.b4 Qd4 31.Qe2 1/2-1/2

[Event "15th Rubinstein Memorial"]
[Site "Polanica Zdroj POL"]
[Date "1977.08.06"]
[Round "1"]
[White "Kuzmin, Gennady"]
[Black "Adamski, Jan"]
[Result "0-1"]
[WhiteElo "2550"]
[BlackElo "2470"]
[EventDate "1977.08.05"]
[PlyCount "90"]

1.e4 c5 2.Nf3 e6 3.d4 cxd4 4.Nxd4 Nf6 5.Nc3 d6 6.Be2 Be7 7.O-O O-O 8.f4 a6
9.Bf3 Qc7 10.Kh1 Nc6 11.e5 dxe5 12.Nxc6 bxc6 13.fxe5 Nd5 14.Qe1 Nxc3 15.
Qxc3 Bb7 16.Be3 c5 17.b3 Rfd8 18.Bxb7 Qxb7 19.Rf4 Rd5 20.Raf1 Rf8 21.Rg4 
Kh8 22.h3 Qb8 23.Re4 Kg8 24.Bg1 Qb5 25.Rc4 Rfd8 26.Qf3 Qe8 27.Rg4 Bf8 28.
Qe4 Rd1 29.Rgf4 Rxf1 30.Rxf1 Qd7 31.Qf3 h6 32.Be3 Qc7 33.Bf4 Rd5 34.Qe2 
Qc6 35.Bg3 Rd4 36.c3 Rd7 37.Kh2 Rd8 38.Rf4 Qb5 39.Qf3 Rd3 40.Qa8 g5 41.Rf6
Kg7 42.Rxh6 Rxg3 43.Kxg3 Qd3+ 44.Kh2 Qxc3 45.Rh5 Qxe5+ 0-1

[Event "15th Rubinstein Memorial"]
[Site "Polanica Zdroj POL"]
[Date "1977.08.06"]
[Round "1"]
[White "Pokojowczyk, Jerzy"]
[Black "Vogt, Lothar"]
[Result "1/2-1/2"]
[WhiteElo "2345"]
[BlackElo "2495"]
[EventDate "1977.08.05"]
[PlyCount "68"]

1.e4 c5 2.Nf3 e6 3.d4 cxd4 4.Nxd4 Nf6 5.Nc3 d6 6.g4 a6 7.g5 Nfd7 8.h4 b5 
9.Bg2 Bb7 10.h5 b4 11.Nce2 Nc5 12.Ng3 Nbd7 13.a3 a5 14.axb4 axb4 15.Rxa8 
Qxa8 16.O-O Be7 17.Nb5 O-O 18.Nxd6 Ba6 19.Re1 Qb8 20.Bf4 e5 21.Ndf5 exf4 
22.Nxe7+ Kh8 23.Ngf5 Qe5 24.g6 fxg6 25.hxg6 Re8 26.Nc6 Qf6 27.Nxb4 Ne5 28.
Nxa6 Nxa6 29.Qh5 Nxg6 30.Rd1 Nc5 31.Rd6 Re6 32.Rxe6 Nxe6 33.c3 h6 34.Nd4 
Ng5 1/2-1/2

[Event "15th Rubinstein Memorial"]
[Site "Polanica Zdroj POL"]
[Date "1977.08.06"]
[Round "1"]
[White "Schinzel, Wladyslaw"]
[Black "Espig, Lutz"]
[Result "1/2-1/2"]
[WhiteElo "2375"]
[BlackElo "2485"]
[EventDate "1977.08.05"]
[PlyCount "79"]

1.c4 c5 2.Nc3 g6 3.Nf3 Bg7 4.e3 Nf6 5.d4 O-O 6.d5 d6 7.Be2 e6 8.dxe6 Bxe6 
9.Ng5 Nc6 10.O-O Qe7 11.Nxe6 fxe6 12.Rb1 Rad8 13.a3 d5 14.cxd5 exd5 15.b4 
d4 16.Na4 cxb4 17.Qb3+ Kh8 18.axb4 Nd5 19.Ba3 Qe5 20.b5 Na5 21.Qa2 Rfe8 
22.Bb2 Qg5 23.Bxd4 Bxd4 24.exd4 Nf4 25.Bf3 Re2 26.Qa1 Nh3+ 27.Kh1 Nxf2+ 
28.Rxf2 Rxf2 29.d5+ Kg8 30.Nc5 Rxf3 31.Ne6 Qe7 32.gxf3 Rxd5 33.Nf4 Rf5 34.
Re1 Qb4 35.Ne6 Rf6 36.Qxf6 Qxe1+ 37.Kg2 Qe2+ 38.Kg3 Qe1+ 39.Kh3 Qf1+ 40.
Kg3 1/2-1/2

[Event "15th Rubinstein Memorial"]
[Site "Polanica Zdroj POL"]
[Date "1977.08.07"]
[Round "2"]
[White "Adamski, Jan"]
[Black "Kirov, Nino"]
[Result "1/2-1/2"]
[WhiteElo "2470"]
[BlackElo "2435"]
[EventDate "1977.08.05"]
[PlyCount "23"]

1.Nf3 Nf6 2.c4 g6 3.Nc3 d5 4.cxd5 Nxd5 5.e4 Nxc3 6.dxc3 Qxd1+ 7.Kxd1 Nd7 
8.Bf4 c6 9.Kc2 f6 10.Be3 e5 11.Nd2 Bc5 12.Bxc5 1/2-1/2

[Event "15th Rubinstein Memorial"]
[Site "Polanica Zdroj POL"]
[Date "1977.08.07"]
[Round "2"]
[White "Espig, Lutz"]
[Black "Kuzmin, Gennady"]
[Result "1-0"]
[WhiteElo "2485"]
[BlackElo "2550"]
[EventDate "1977.08.05"]
[PlyCount "103"]

1.Nf3 Nf6 2.c4 e6 3.g3 d5 4.Bg2 Be7 5.O-O O-O 6.d4 dxc4 7.Qc2 a6 8.Qxc4 b5
9.Qc2 Bb7 10.Bf4 Nc6 11.Nc3 Nb4 12.Qb3 c5 13.dxc5 Bxc5 14.Be5 Nbd5 15.Rad1
Qb6 16.Bd4 Rac8 17.Bxc5 Rxc5 18.Nb1 Qc7 19.Ne1 Nb6 20.Bxb7 Qxb7 21.Nd3 Rc7
22.Nc3 Nc4 23.a4 h5 24.axb5 Rb8 25.b6 Nxb6 26.Na4 Nxa4 27.Qxa4 Ne4 28.Rc1 
Rbc8 29.Rxc7 Rxc7 30.Ra1 Nc5 31.Nxc5 Rxc5 32.h4 a5 33.Qa3 Qb6 34.e3 Qb5 
35.b3 Rf5 36.Qb2 Qb4 37.Ra4 Qe1+ 38.Kg2 Rc5 39.Ra1 Qb4 40.Ra4 Qb7+ 41.Kh2 
Qc6 42.Qd4 Rc2 43.e4 e5 44.Qe3 Qb5 45.Kg2 g6 46.Qe1 Qxb3 47.Rxa5 Qb2 48.
Qe3 Kg7 49.Ra6 Qb4 50.Qf3 Qc4 51.Qf6+ Kh7 52.Ra7 1-0

[Event "15th Rubinstein Memorial"]
[Site "Polanica Zdroj POL"]
[Date "1977.08.07"]
[Round "2"]
[White "Farago, Ivan"]
[Black "Filipowicz, Andrzej"]
[Result "1/2-1/2"]
[WhiteElo "2500"]
[BlackElo "2355"]
[EventDate "1977.08.05"]
[PlyCount "34"]

1.d4 Nf6 2.c4 c5 3.d5 b5 4.cxb5 a6 5.e3 g6 6.Nc3 Bg7 7.e4 d6 8.Nf3 O-O 9.
a4 e6 10.dxe6 fxe6 11.e5 Ng4 12.Qxd6 Nxe5 13.Qxd8 Nxf3+ 14.gxf3 Rxd8 15.
Be3 Bb7 16.Bc4 axb5 17.Nxb5 Bxf3 1/2-1/2

[Event "15th Rubinstein Memorial"]
[Site "Polanica Zdroj POL"]
[Date "1977.08.07"]
[Round "2"]
[White "Gulko, Boris"]
[Black "Ghitescu, Theodor"]
[Result "0-1"]
[WhiteElo "2585"]
[BlackElo "2440"]
[EventDate "1977.08.05"]
[PlyCount "68"]

1.c4 Nf6 2.Nc3 g6 3.e4 d6 4.d4 Bg7 5.f3 c5 6.d5 O-O 7.Bg5 h6 8.Be3 e6 9.
Qd2 exd5 10.cxd5 Nbd7 11.Nh3 Kh7 12.Be2 a6 13.a4 Rb8 14.O-O Qe7 15.Nf2 b6 
16.Rae1 Bb7 17.f4 Rbe8 18.Bc4 Qd8 19.Qd3 Qa8 20.Bd2 Ng8 21.e5 dxe5 22.f5 
e4 23.Nfxe4 Ne5 24.Qe2 Nxc4 25.Qxc4 Bd4+ 26.Kh1 b5 27.axb5 axb5 28.fxg6+ 
fxg6 29.Qxb5 Ba6 30.Qd7+ Re7 31.Rxf8 Qxf8 32.Qd6 Bd3 33.Rg1 Bxg1 34.Kxg1 
Qf1# 0-1

[Event "15th Rubinstein Memorial"]
[Site "Polanica Zdroj POL"]
[Date "1977.08.07"]
[Round "2"]
[White "Ivkov, Borislav"]
[Black "Pokojowczyk, Jerzy"]
[Result "0-1"]
[WhiteElo "2510"]
[BlackElo "2345"]
[EventDate "1977.08.05"]
[PlyCount "81"]

1.Nf3 Nf6 2.c4 e6 3.d4 b6 4.g3 Bb4+ 5.Bd2 Bxd2+ 6.Qxd2 Ba6 7.Na3 c5 8.Bg2 
Nc6 9.O-O O-O 10.Rfd1 Rc8 11.Rac1 d5 12.cxd5 exd5 13.Nc2 Re8 14.e3 Qd6 15.
a3 Ne4 16.Qe1 c4 17.Nd2 Nf6 18.Nb1 Rcd8 19.Nb4 Bb7 20.Nxc6 Bxc6 21.Qb4 Qe6
22.a4 Ng4 23.Rd2 Qh6 24.h3 Nf6 25.b3 Bd7 26.bxc4 Bxh3 27.cxd5 Ng4 28.Rc6 
Rxe3 29.Rdc2 Rd3 30.Qe1 Nf6 31.Bxh3 Qxh3 32.Qf1 Qxf1+ 33.Kxf1 Rd1+ 34.Kg2 
Rxb1 35.Rc7 Rb4 36.Rxa7 Rxd4 37.Rcc7 R4xd5 38.Rxf7 R5d7 39.Rfxd7 Rxd7 40.
Ra6 Rb7 41.Kf3 0-1

[Event "15th Rubinstein Memorial"]
[Site "Polanica Zdroj POL"]
[Date "1977.08.07"]
[Round "2"]
[White "Torre, Eugenio"]
[Black "Mascarinas, Rico"]
[Result "1/2-1/2"]
[WhiteElo "2550"]
[BlackElo "2345"]
[EventDate "1977.08.05"]
[PlyCount "22"]

1.e4 e5 2.Nf3 Nf6 3.Nxe5 d6 4.Nf3 Nxe4 5.Qe2 Qe7 6.d3 Nf6 7.Bg5 Qxe2+ 8.
Bxe2 Be7 9.Nc3 c6 10.O-O-O O-O 11.Rhe1 Nbd7 1/2-1/2

[Event "15th Rubinstein Memorial"]
[Site "Polanica Zdroj POL"]
[Date "1977.08.07"]
[Round "2"]
[White "Vogt, Lothar"]
[Black "Schinzel, Wladyslaw"]
[Result "1-0"]
[WhiteElo "2495"]
[BlackElo "2375"]
[EventDate "1977.08.05"]
[PlyCount "101"]

1.e4 d5 2.exd5 Nf6 3.d4 Nxd5 4.c4 Nf6 5.Nf3 Bf5 6.Be2 e6 7.O-O Be7 8.Nc3 
Ne4 9.Qb3 b6 10.Rd1 Nxc3 11.Qxc3 O-O 12.Ne5 Be4 13.Bf3 Bxf3 14.Qxf3 Nd7 
15.Nc6 Qe8 16.b4 a6 17.a4 Kh8 18.Bb2 Bf6 19.b5 Rg8 20.Nb4 a5 21.Nc6 Nf8 
22.Ba3 Ng6 23.g3 Nf8 24.Re1 h6 25.Rad1 Nh7 26.h4 g5 27.hxg5 Rxg5 28.d5 Rg6
29.Bc1 Bg7 30.dxe6 fxe6 31.Qe4 Rf6 32.Ne5 Rd8 33.Rxd8 Qxd8 34.Ng4 Rf8 35.
Nxh6 Ng5 36.Bxg5 Qxg5 37.Ng4 Re8 38.Qc6 Qg6 39.Ne5 Bxe5 40.Rxe5 Re7 41.c5 
bxc5 42.Qxc5 Qf6 43.Rh5+ Kg7 44.Qg5+ Qxg5 45.Rxg5+ Kf6 46.Rg8 c6 47.bxc6 
Rc7 48.Ra8 Rxc6 49.Rxa5 Rc1+ 50.Kg2 Ra1 51.Ra8 1-0

[Event "15th Rubinstein Memorial"]
[Site "Polanica Zdroj POL"]
[Date "1977.08.08"]
[Round "3"]
[White "Filipowicz, Andrzej"]
[Black "Gulko, Boris"]
[Result "1/2-1/2"]
[WhiteElo "2355"]
[BlackElo "2585"]
[EventDate "1977.08.05"]
[PlyCount "41"]

1.e4 c5 2.Nf3 Nc6 3.d4 cxd4 4.Nxd4 Qb6 5.Nb3 Nf6 6.Nc3 e6 7.Bd3 d6 8.O-O 
a6 9.Kh1 Qc7 10.a4 b6 11.f4 Bb7 12.Qe1 Be7 13.Qg3 g6 14.Qh3 h5 15.f5 Ng4 
16.fxe6 fxe6 17.Be2 Nce5 18.Nd4 Qd7 19.Bf4 Bf6 20.Nf3 Nf7 21.Nd2 1/2-1/2

[Event "15th Rubinstein Memorial"]
[Site "Polanica Zdroj POL"]
[Date "1977.08.08"]
[Round "3"]
[White "Kirov, Nino"]
[Black "Espig, Lutz"]
[Result "1/2-1/2"]
[WhiteElo "2435"]
[BlackElo "2485"]
[EventDate "1977.08.05"]
[PlyCount "27"]

1.Nf3 Nf6 2.g3 d6 3.d4 Nbd7 4.Bg2 e5 5.O-O Be7 6.Nbd2 O-O 7.e4 c6 8.b3 
exd4 9.Nxd4 d5 10.Nf5 Nxe4 11.Nxe4 dxe4 12.Bxe4 Nf6 13.Nxe7+ Qxe7 14.Bg2 
1/2-1/2

[Event "15th Rubinstein Memorial"]
[Site "Polanica Zdroj POL"]
[Date "1977.08.08"]
[Round "3"]
[White "Schinzel, Wladyslaw"]
[Black "Ivkov, Borislav"]
[Result "1/2-1/2"]
[WhiteElo "2375"]
[BlackElo "2510"]
[EventDate "1977.08.05"]
[PlyCount "81"]

1.c4 g6 2.Nf3 Bg7 3.d4 c5 4.e4 cxd4 5.Nxd4 Nc6 6.Be3 Nf6 7.Nc3 d6 8.Be2 
O-O 9.O-O Bd7 10.Rc1 Nxd4 11.Bxd4 Bc6 12.f3 a5 13.Qd2 Nd7 14.Be3 Nc5 15.
Nd5 a4 16.Kh1 Re8 17.Rb1 Qa5 18.Qc2 Bxd5 19.exd5 e6 20.dxe6 Rxe6 21.Bxc5 
dxc5 22.f4 Rae8 23.Bf3 Re1 24.g3 Bd4 25.f5 Kg7 26.Kg2 R1e3 27.Kh3 h5 28.
fxg6 fxg6 29.Kg2 Kh6 30.Kh1 Re1 31.Rbxe1 Rxe1 32.Kg2 Rxf1 33.Kxf1 Qb6 34.
Qd2+ Kg7 35.Bd1 Qa6 36.Qe2 Bf6 37.Kg2 Qc6+ 38.Qf3 Qb6 39.Bxa4 Qxb2+ 40.Qf2
Qa1 41.Be8 1/2-1/2

[Event "15th Rubinstein Memorial"]
[Site "Polanica Zdroj POL"]
[Date "1977.08.09"]
[Round "4"]
[White "Adamski, Jan"]
[Black "Ghitescu, Theodor"]
[Result "1-0"]
[WhiteElo "2470"]
[BlackElo "2440"]
[EventDate "1977.08.05"]
[PlyCount "73"]

1.c4 g6 2.d4 Bg7 3.e4 d6 4.Nc3 Nf6 5.Be2 O-O 6.Bg5 c5 7.dxc5 Qa5 8.Bd2 
Qxc5 9.Nf3 Bg4 10.Be3 Qa5 11.O-O Nc6 12.a3 Rfc8 13.b4 Qd8 14.Qb3 Nd7 15.
Rac1 Bxf3 16.Bxf3 Bd4 17.Bg5 Bg7 18.Bg4 Nce5 19.Nd5 Bf8 20.Be2 h6 21.Be3 
e6 22.Nc3 Nb6 23.Nb5 a6 24.Nxd6 Qxd6 25.c5 Qc6 26.cxb6 Qxe4 27.f4 Nc6 28.
Bf3 Qf5 29.Rfd1 Qb5 30.Bxc6 Rxc6 31.a4 Qe2 32.Rxc6 bxc6 33.Qd3 Qa2 34.a5 
Qa4 35.Rb1 Qa2 36.h3 Rd8 37.Qxd8 1-0

[Event "15th Rubinstein Memorial"]
[Site "Polanica Zdroj POL"]
[Date "1977.08.09"]
[Round "4"]
[White "Diesen, Mark"]
[Black "Pokojowczyk, Jerzy"]
[Result "1/2-1/2"]
[WhiteElo "2360"]
[BlackElo "2345"]
[EventDate "1977.08.05"]
[PlyCount "58"]

1.e4 c5 2.Nf3 d6 3.d4 Nf6 4.Nc3 cxd4 5.Nxd4 a6 6.Be2 e5 7.Nb3 Be7 8.O-O 
Be6 9.f4 Qc7 10.a4 O-O 11.Kh1 Nbd7 12.f5 Bc4 13.a5 b5 14.axb6 Nxb6 15.Bg5 
Rfc8 16.Bxc4 Nxc4 17.Bxf6 Bxf6 18.Nd5 Qd8 19.Ra2 a5 20.Nd2 Nb6 21.b3 a4 
22.Nxb6 Qxb6 23.Nc4 Qc6 24.Qd3 axb3 25.Rxa8 Rxa8 26.cxb3 Be7 27.Ne3 Bd8 
28.Nd5 Ra3 29.h3 Kf8 1/2-1/2

[Event "15th Rubinstein Memorial"]
[Site "Polanica Zdroj POL"]
[Date "1977.08.09"]
[Round "4"]
[White "Espig, Lutz"]
[Black "Hort, Vlastimil"]
[Result "0-1"]
[WhiteElo "2485"]
[BlackElo "2620"]
[EventDate "1977.08.05"]
[PlyCount "56"]

1.e4 c5 2.Nf3 d6 3.d4 cxd4 4.Nxd4 Nf6 5.Nc3 Nc6 6.Bc4 Qb6 7.Nb3 e6 8.O-O 
Be7 9.Be3 Qc7 10.f4 O-O 11.Bd3 a6 12.Qf3 b5 13.Rae1 Bb7 14.Qh3 Nb4 15.a3 
Nxd3 16.cxd3 Rac8 17.Rc1 Qd7 18.Na5 Ba8 19.Bd4 Rfe8 20.b4 Bd8 21.Qg3 e5 
22.Be3 Nh5 23.Qf3 Nxf4 24.Bxf4 exf4 25.Qxf4 h6 26.h4 Bf6 27.Nd5 Bd4+ 28.
Kh1 Rxc1 0-1

[Event "15th Rubinstein Memorial"]
[Site "Polanica Zdroj POL"]
[Date "1977.08.09"]
[Round "4"]
[White "Gulko, Boris"]
[Black "Mascarinas, Rico"]
[Result "1-0"]
[WhiteElo "2585"]
[BlackElo "2345"]
[EventDate "1977.08.05"]
[PlyCount "69"]

1.e4 c5 2.Nf3 Nc6 3.d4 cxd4 4.Nxd4 Nf6 5.Nc3 d6 6.Be2 e6 7.Be3 Be7 8.O-O 
O-O 9.f4 e5 10.Nb3 a5 11.a4 Nb4 12.Kh1 Qc7 13.Nd2 exf4 14.Bxf4 Rd8 15.Rc1 
Be6 16.Nb5 Qb6 17.c3 Nc6 18.Nc4 Bxc4 19.Bxc4 Ne5 20.Ba2 Nxe4 21.Bxe5 dxe5 
22.Bxf7+ Kh8 23.Qe2 Ng5 24.Ba2 Rac8 25.Qxe5 Bf6 26.Qf4 Ne6 27.Qf5 Nf8 28.
Rcd1 g6 29.Qf4 g5 30.Qf5 Rxd1 31.Rxd1 Rd8 32.Rd5 Re8 33.Qf1 Qe6 34.Rxg5 
Bxg5 35.Bxe6 1-0

[Event "15th Rubinstein Memorial"]
[Site "Polanica Zdroj POL"]
[Date "1977.08.09"]
[Round "4"]
[White "Ivkov, Borislav"]
[Black "Kuzmin, Gennady"]
[Result "1/2-1/2"]
[WhiteElo "2510"]
[BlackElo "2550"]
[EventDate "1977.08.05"]
[PlyCount "26"]

1.d4 Nf6 2.c4 e6 3.Nf3 b6 4.g3 Bb7 5.Bg2 Be7 6.O-O O-O 7.Nc3 Ne4 8.Qc2 
Nxc3 9.Qxc3 c5 10.b3 Bf6 11.Bb2 cxd4 12.Nxd4 Bxg2 13.Kxg2 Nc6 1/2-1/2

[Event "15th Rubinstein Memorial"]
[Site "Polanica Zdroj POL"]
[Date "1977.08.09"]
[Round "4"]
[White "Lebredo Zarragoitia, Gerardo"]
[Black "Filipowicz, Andrzej"]
[Result "1/2-1/2"]
[WhiteElo "2220"]
[BlackElo "2355"]
[EventDate "1977.08.05"]
[PlyCount "52"]

1.Nf3 g6 2.e4 c5 3.c3 Bg7 4.d4 cxd4 5.cxd4 d5 6.e5 Bg4 7.Be2 Nc6 8.Nc3 
Bxf3 9.Bxf3 e6 10.Be3 Nge7 11.Bg4 O-O 12.O-O a6 13.Qd2 b5 14.Rfd1 Qb6 15.
Ne2 Qa5 16.Qxa5 Nxa5 17.Rac1 Rfc8 18.b3 Rxc1 19.Rxc1 Rc8 20.Rxc8+ Nxc8 21.
Nf4 Nb6 22.Nd3 Bf8 23.Bc1 Nc6 24.Bb2 Nb4 25.Nxb4 Bxb4 26.Kf1 Kf8 1/2-1/2

[Event "15th Rubinstein Memorial"]
[Site "Polanica Zdroj POL"]
[Date "1977.08.09"]
[Round "4"]
[White "Quinteros, Miguel Angel"]
[Black "Schinzel, Wladyslaw"]
[Result "0-1"]
[WhiteElo "2555"]
[BlackElo "2375"]
[EventDate "1977.08.05"]
[PlyCount "90"]

1.c4 e5 2.Nc3 Nf6 3.Nf3 Nc6 4.g3 d5 5.cxd5 Nxd5 6.Bg2 Be6 7.O-O Be7 8.d3 
O-O 9.Nd2 Qd7 10.Nde4 h6 11.Na4 b6 12.Bd2 Rad8 13.Rc1 Nd4 14.e3 Nb5 15.f4 
f5 16.Nf2 exf4 17.gxf4 c5 18.b3 Qe8 19.Nb2 Bf6 20.Nc4 Nbc3 21.Bxc3 Nxc3 
22.Qd2 Nd5 23.Kh1 Qh5 24.a3 g5 25.Nh3 Kh8 26.b4 cxb4 27.axb4 Rg8 28.fxg5 
hxg5 29.e4 f4 30.Ng1 Ne7 31.Qd1 Qh6 32.Qf3 Ng6 33.e5 Nh4 34.Qc6 Be7 35.Be4
Nf5 36.Ne2 Bxb4 37.Rf3 Nh4 38.Rff1 Rg7 39.d4 Rc8 40.Qb5 Bf8 41.Nd6 Rxc1 
42.Rxc1 g4 43.Rc3 g3 44.Qe8 g2+ 45.Kg1 Re7 0-1

[Event "15th Rubinstein Memorial"]
[Site "Polanica Zdroj POL"]
[Date "1977.08.09"]
[Round "4"]
[White "Torre, Eugenio"]
[Black "Farago, Ivan"]
[Result "1-0"]
[WhiteElo "2550"]
[BlackElo "2500"]
[EventDate "1977.08.05"]
[PlyCount "107"]

1.e4 e6 2.d4 d5 3.Nd2 c5 4.Ngf3 Nc6 5.exd5 exd5 6.Bb5 Bd6 7.dxc5 Bxc5 8.
Nb3 Bd6 9.O-O Ne7 10.Re1 O-O 11.Bg5 Bg4 12.h3 Bh5 13.Be2 h6 14.Bxe7 Bxe7 
15.c3 Bf6 16.Nh2 Bxe2 17.Rxe2 Qd6 18.Nf3 Rad8 19.Qd3 a6 20.Rd1 Rd7 21.Nbd4
g6 22.Nxc6 Qxc6 23.Ne5 Bxe5 24.Rxe5 Rfd8 25.Qe3 Kg7 26.Rd4 Qb6 27.Qd2 Rd6 
28.Re3 R8d7 29.Qe2 Re6 30.Rxe6 Qxe6 31.Qd2 b5 32.a4 Qc6 33.axb5 axb5 34.
Qd3 Qc5 35.g3 Rd6 36.h4 h5 37.Qd2 Rd7 38.b3 Rd6 39.c4 bxc4 40.bxc4 Rc6 41.
cxd5 Qc1+ 42.Kg2 Qxd2 43.Rxd2 Rc3 44.d6 Rc8 45.Kf3 Kf6 46.d7 Rd8 47.Kf4 
Ke6 48.Kg5 Ke7 49.Re2+ Kf8 50.Re8+ Rxe8 51.dxe8=Q+ Kxe8 52.Kf6 Kf8 53.f4 
Kg8 54.f5 1-0

[Event "15th Rubinstein Memorial"]
[Site "Polanica Zdroj POL"]
[Date "1977.08.09"]
[Round "4"]
[White "Vogt, Lothar"]
[Black "Kirov, Nino"]
[Result "1/2-1/2"]
[WhiteElo "2495"]
[BlackElo "2435"]
[EventDate "1977.08.05"]
[PlyCount "36"]

1.e4 e5 2.Nf3 Nc6 3.Bb5 Nf6 4.O-O Bc5 5.Nxe5 Nxe4 6.Qe2 Nxe5 7.Qxe4 Qe7 8.
d4 Nc6 9.Qg4 h5 10.Qxg7 Bxd4 11.Qg3 a6 12.Bxc6 dxc6 13.c3 h4 14.Qf3 Be5 
15.Qe3 Bf5 16.Nd2 O-O-O 17.Nf3 Bd6 18.Qxe7 Bxe7 1/2-1/2

[Event "15th Rubinstein Memorial"]
[Site "Polanica Zdroj POL"]
[Date "1977.08.10"]
[Round "5"]
[White "Farago, Ivan"]
[Black "Gulko, Boris"]
[Result "1/2-1/2"]
[WhiteElo "2500"]
[BlackElo "2585"]
[EventDate "1977.08.05"]
[PlyCount "56"]

1.d4 Nf6 2.c4 g6 3.Nc3 d5 4.Nf3 Bg7 5.Bf4 O-O 6.e3 c5 7.dxc5 Qa5 8.Rc1 Rd8
9.Qa4 Qxc5 10.b4 Qc6 11.b5 Qc5 12.Qb3 Bg4 13.Na4 Qc8 14.Be2 Ne4 15.Rc2 Nd7
16.cxd5 Ndc5 17.Nxc5 Nxc5 18.Qb4 b6 19.O-O Qf5 20.Rc4 Qxd5 21.h3 Bf5 22.
Rd1 Nd3 23.Bxd3 Bxd3 24.Rc7 Bf8 25.Ne5 Qxb5 26.Qd2 Rd5 27.Nxd3 Rad8 28.Qc2
Rxd3 1/2-1/2

[Event "15th Rubinstein Memorial"]
[Site "Polanica Zdroj POL"]
[Date "1977.08.10"]
[Round "5"]
[White "Filipowicz, Andrzej"]
[Black "Adamski, Jan"]
[Result "1/2-1/2"]
[WhiteElo "2355"]
[BlackElo "2470"]
[EventDate "1977.08.05"]
[PlyCount "56"]

1.e4 c5 2.Nf3 e6 3.d4 cxd4 4.Nxd4 Nf6 5.Nc3 d6 6.f4 a6 7.Be2 Be7 8.O-O O-O
9.Kh1 Qc7 10.a4 b6 11.Bf3 Bb7 12.Qe2 Nc6 13.Be3 Nxd4 14.Bxd4 e5 15.Be3 Bc6
16.Rad1 b5 17.axb5 axb5 18.Nxb5 Bxb5 19.Qxb5 Rfb8 20.Qd3 Rxb2 21.Rc1 Nd7 
22.Bg4 Nf6 23.Bf3 Raa2 24.c4 Nd7 25.Ra1 h6 26.Rxa2 Rxa2 27.Bg4 Nf6 28.Bf3 
Nd7 1/2-1/2

[Event "15th Rubinstein Memorial"]
[Site "Polanica Zdroj POL"]
[Date "1977.08.10"]
[Round "5"]
[White "Mascarinas, Rico"]
[Black "Lebredo Zarragoitia, Gerardo"]
[Result "1/2-1/2"]
[WhiteElo "2345"]
[BlackElo "2220"]
[EventDate "1977.08.05"]
[PlyCount "75"]

1.e4 e6 2.d4 d5 3.Nd2 c5 4.exd5 exd5 5.Ngf3 a6 6.dxc5 Bxc5 7.Nb3 Ba7 8.Bd3
Qe7+ 9.Be2 Nf6 10.O-O Nc6 11.Bg5 O-O 12.Bd3 Bg4 13.Re1 Qd6 14.Bh4 Rfe8 15.
Bg3 Qd7 16.Qd2 Ne4 17.Bxe4 dxe4 18.Qxd7 Bxd7 19.Nfd2 e3 20.fxe3 Nb4 21.Nd4
Rac8 22.Nf1 Nxc2 23.Nxc2 Rxc2 24.b3 Bc6 25.Bf2 f5 26.Rec1 Rb2 27.Rcb1 Rxb1
28.Rxb1 f4 29.Re1 g5 30.g3 Kf7 31.h3 Bb6 32.a3 a5 33.b4 axb4 34.axb4 Bf3 
35.Kh2 Rc8 36.Kg1 Rc2 37.gxf4 gxf4 38.Nh2 1/2-1/2

[Event "15th Rubinstein Memorial"]
[Site "Polanica Zdroj POL"]
[Date "1977.08.10"]
[Round "5"]
[White "Schinzel, Wladyslaw"]
[Black "Diesen, Mark"]
[Result "0-1"]
[WhiteElo "2375"]
[BlackElo "2360"]
[EventDate "1977.08.05"]
[PlyCount "68"]

1.c4 Nf6 2.Nc3 e6 3.Nf3 Bb4 4.Qc2 O-O 5.a3 Bxc3 6.Qxc3 b6 7.g3 Bb7 8.Bg2 
d5 9.O-O dxc4 10.a4 c5 11.Ne5 Bxg2 12.Kxg2 Qd5+ 13.f3 Nc6 14.Nxc6 Qxc6 15.
Qxc4 Rad8 16.d3 Rd4 17.Qc2 Nd5 18.b3 e5 19.Bd2 a5 20.Rad1 Rd8 21.Qb2 f5 
22.Rc1 Qg6 23.Kh1 e4 24.dxe4 fxe4 25.Bc3 Nxc3 26.Qxc3 exf3 27.Rxf3 Qe4 28.
Qe3 Re8 29.Qf2 Rd2 30.Re1 h6 31.Kg1 Kh7 32.Kf1 Rb2 33.Kg2 Rxb3 34.h4 Rb2 
0-1

[Event "15th Rubinstein Memorial"]
[Site "Polanica Zdroj POL"]
[Date "1977.08.12"]
[Round "6"]
[White "Adamski, Jan"]
[Black "Mascarinas, Rico"]
[Result "0-1"]
[WhiteElo "2470"]
[BlackElo "2345"]
[EventDate "1977.08.05"]
[PlyCount "80"]

1.c4 Nf6 2.Nf3 c6 3.Nc3 d5 4.e3 g6 5.d4 Bg7 6.Bd3 O-O 7.O-O Nbd7 8.Qe2 Re8
9.cxd5 cxd5 10.b3 b6 11.Bb2 Bb7 12.Rfc1 a6 13.Rc2 e5 14.dxe5 Ng4 15.Rac1 
Ndxe5 16.Nxe5 Nxe5 17.Qd1 d4 18.exd4 Nxd3 19.Qxd3 Bxd4 20.Kh1 Rc8 21.Rd2 
Qg5 22.f4 Qh4 23.Re2 Rxe2 24.Qxe2 Qxf4 25.Rf1 Qe5 26.Qxe5 Bxe5 27.Rc1 Rd8 
28.Rd1 Rxd1+ 29.Nxd1 Bxb2 30.Nxb2 Kf8 31.Kg1 Ke7 32.Na4 b5 33.Nc5 Bc8 34.
Kf2 Kd6 35.Ne4+ Ke5 36.Ng5 f6 37.Nxh7 g5 38.Ke3 Bf5 39.Nf8 Kd6 40.g3 Ke7 
0-1

[Event "15th Rubinstein Memorial"]
[Site "Polanica Zdroj POL"]
[Date "1977.08.12"]
[Round "6"]
[White "Diesen, Mark"]
[Black "Kuzmin, Gennady"]
[Result "1/2-1/2"]
[WhiteElo "2360"]
[BlackElo "2550"]
[EventDate "1977.08.05"]
[PlyCount "56"]

1.e4 e5 2.Nf3 Nc6 3.Bb5 a6 4.Ba4 Nf6 5.O-O Be7 6.Re1 b5 7.Bb3 d6 8.c3 O-O 
9.d4 Bg4 10.d5 Na5 11.Bc2 c6 12.h3 Bxf3 13.Qxf3 cxd5 14.exd5 Nc4 15.Nd2 
Nb6 16.Nf1 Ne8 17.a4 Nxa4 18.Bxa4 bxa4 19.Ne3 g6 20.Nc4 f5 21.Rxa4 Nf6 22.
Na5 Ne4 23.Nc6 Qd7 24.Be3 Bf6 25.Rea1 Qb7 26.Qe2 Bh4 27.Qc2 Bd8 28.Qe2 Bh4
1/2-1/2

[Event "15th Rubinstein Memorial"]
[Site "Polanica Zdroj POL"]
[Date "1977.08.12"]
[Round "6"]
[White "Espig, Lutz"]
[Black "Filipowicz, Andrzej"]
[Result "0-1"]
[WhiteElo "2485"]
[BlackElo "2355"]
[EventDate "1977.08.05"]
[PlyCount "80"]

1.Nf3 c5 2.c4 g6 3.d4 Bg7 4.e4 Na6 5.Nc3 d6 6.Be2 Nf6 7.O-O O-O 8.d5 Nc7 
9.Re1 a6 10.a4 b6 11.Nd2 e6 12.f4 exd5 13.cxd5 Re8 14.Bf3 Bb7 15.Nc4 b5 
16.Na5 Rb8 17.Nxb7 Rxb7 18.e5 b4 19.Nb1 Nd7 20.exd6 Rxe1+ 21.Qxe1 Ne8 22.
Qe2 a5 23.Nd2 Nxd6 24.Nc4 Nxc4 25.Qxc4 Bd4+ 26.Kh1 Nb6 27.Qa6 Re7 28.Bd2 
Nxd5 29.Rb1 Nf6 30.h3 Re6 31.Qc4 Ne4 32.Bxe4 Rxe4 33.f5 gxf5 34.Qd3 Bf6 
35.Qg3+ Kh8 36.Bh6 Be5 37.Qf3 Qh4 38.Be3 c4 39.Bg1 Qf4 40.Qd1 Rd4 0-1

[Event "15th Rubinstein Memorial"]
[Site "Polanica Zdroj POL"]
[Date "1977.08.12"]
[Round "6"]
[White "Ivkov, Borislav"]
[Black "Hort, Vlastimil"]
[Result "1/2-1/2"]
[WhiteElo "2510"]
[BlackElo "2620"]
[EventDate "1977.08.05"]
[PlyCount "27"]

1.d4 Nf6 2.c4 e6 3.Nf3 d5 4.Nc3 c5 5.e3 Nc6 6.a3 dxc4 7.Bxc4 a6 8.dxc5 
Qxd1+ 9.Kxd1 Bxc5 10.b4 Bd6 11.Bb2 Ke7 12.Ke2 Bd7 13.Bd3 Rhd8 14.Rhd1 
1/2-1/2

[Event "15th Rubinstein Memorial"]
[Site "Polanica Zdroj POL"]
[Date "1977.08.12"]
[Round "6"]
[White "Lebredo Zarragoitia, Gerardo"]
[Black "Farago, Ivan"]
[Result "1/2-1/2"]
[WhiteElo "2220"]
[BlackElo "2500"]
[EventDate "1977.08.05"]
[PlyCount "45"]

1.Nf3 d5 2.e3 Nf6 3.c4 e6 4.b3 Bd6 5.Bb2 O-O 6.a3 b6 7.Be2 Bb7 8.O-O Nbd7 
9.cxd5 exd5 10.Nc3 a6 11.Nd4 g6 12.Nf3 Qe7 13.b4 c5 14.b5 a5 15.Na4 Rfe8 
16.Ne1 Bc7 17.g3 Ne4 18.Bf3 Ne5 19.Bxe5 Qxe5 20.Bg2 Qf6 21.Nf3 d4 22.exd4 
cxd4 23.Rc1 1/2-1/2